| 000 | 00902nas a2200301 4500 | ||
|---|---|---|---|
| 001 | BR9201486 | ||
| 003 | BR-BrBNA | ||
| 005 | 20231205092417.0 | ||
| 007 | ta | ||
| 008 | 230509b bl.|||p| |||| 00| 00por d | ||
| 040 |
_aBR-BrBNA _bpor _cBiblioteca Nacional de Agricultura |
||
| 041 | _a(Pt) | ||
| 072 | _aF30 | ||
| 100 | 1 | _aArf, O. | |
| 100 | 1 | _aSeno, S. | |
| 100 | 1 | _aPaes, L.A.D. | |
| 100 | 1 | _aPereira, G.T. | |
| 100 | 1 | _aMatos, A.M. de | |
| 245 | 1 | _aComportamento de cultivares de trigo (Triticum aestivum L.)conduzidos em regime de irrigacao, na regiao de Selviria-MS | |
| 650 | _aTRIGO | ||
| 650 | _aVARIEDADE | ||
| 650 | _aIRRIGACAO | ||
| 650 | _aMELHORAMENTO GENETICO VEGETAL | ||
| 650 | _aMATO GROSSO DO SUL | ||
| 773 | 0 |
_tCiencia Agronomica. Jaboticabal (Brazil) _x _g(1989), v. 4(1) p. 13-15 _wBR9201486 |
|
| 909 |
_a202311 _bLúcia _c55 _dLúcia Elande |
||
| 942 |
_2AGRIS _n0 _cANA |
||
| 999 |
_c131511 _d131511 |
||